Fusión perfecta neuromarketing seducir al cerebro con inteligencia para ganar en tiempos exigentes (Registro nro. 40866)

Detalles MARC
000 -ENCABEZADO
Número de control [NR] 01242nam a2200277Ia 4500
005 - FECHA Y HORA DE LA ÚLTIMA TRANSACCIÓN
control field 20260120090144.0
008 - DE LONGITUD FIJA DE DATOS DE ELEMENTOS - INFORMACIÓN GENERAL
Elementos de longitud fija [NR] 130821s2011 sp a gr spa
020 ## - NUMERO INTERNACIONAL NORMALIZADO PARA LIBROS [R]
Número Internacional Normalizado del libro [NR] 9788483227633
040 ## - FUENTE DE CATALOGACION [NR]
Agencia de catalogación original [NR] Co-BoUCM
Idioma de catalogación [NR] spa
Quien Cataloga Sandra Palacio (modificó)
Quien Clasifica Sandra Palacio (modificó)
041 00 - CODIGO DE IDIOMA [R]
Código de idioma para texto/pista de sonido o título separado [R] Español
100 1# - ASIENTO PRINCIPAL--NOMBRE PERSONAL [NR]
Nombre personal [NR] Álvarez del Blanco, Roberto
ID Autoridad 161592
245 10 - MENCION DE TITULO [NR]
Título [NR] Fusión perfecta neuromarketing seducir al cerebro con inteligencia para ganar en tiempos exigentes
Mención de responsabilidad, etc. [NR] Roberto Álvarez del Blanco ; prologo Rusell Winer
246 #4 - FORMA VARIANTE DEL TITULO [R]
Título propiamente dicho/forma breve del título [NR] Fusión perfecta neuromarketing
Parte restante del título [NR] seducir al cerebro con inteligencia para ganar en tiempos exigentes. Donde las grandes ideas encuentrasn expresión.
260 ## - PUBLICACION, DISTRIBUCION, ETC. (PIE DE IMPRENTA) [R]
Lugar de publicación, distribución, etc. [R] Madrid (España)
Nombre del editor, distribuidor, etc. [R] Pearson
Fecha de publicación, distribución, etc. [R] 2011
300 ## - DESCRIPCION FISICA [R]
Extensión [R] xxi, 237 páginas
Otros detalles físicos [NR] ilustraciones, cuadros
490 0# - MENCION DE SERIE [R]
Mención de serie [R] Financial times
650 04 - ASIENTO SECUNDARIO DE MATERIA - TERMINO TEMATICO [R]
Término temático o nombre geográfico como elemento de entrada [NR] Administración de empresas
9 (RLIN) 435
650 04 - ASIENTO SECUNDARIO DE MATERIA - TERMINO TEMATICO [R]
Término temático o nombre geográfico como elemento de entrada [NR] Administración de ventas
9 (RLIN) 8582
650 04 - ASIENTO SECUNDARIO DE MATERIA - TERMINO TEMATICO [R]
Término temático o nombre geográfico como elemento de entrada [NR] Comportamiento (Psicología)
9 (RLIN) 11287
650 04 - ASIENTO SECUNDARIO DE MATERIA - TERMINO TEMATICO [R]
Término temático o nombre geográfico como elemento de entrada [NR] Consumidores
Subdivisión general [R] Aspectos psicológicos
9 (RLIN) 11728
650 04 - ASIENTO SECUNDARIO DE MATERIA - TERMINO TEMATICO [R]
Término temático o nombre geográfico como elemento de entrada [NR] Mercadeo
9 (RLIN) 19305
650 04 - ASIENTO SECUNDARIO DE MATERIA - TERMINO TEMATICO [R]
Término temático o nombre geográfico como elemento de entrada [NR] Mercadeo
Subdivisión general [R] Aspectos psicológicos
9 (RLIN) 19305
700 1# - ASIENTO SECUNDARIO - NOMBRE PERSONAL [R]
Nombre personal [NR] Winer, Russell
9 (RLIN) 187675
942 ## - ELEMENTOS DE ENTRADA AGREGADOS (KOHA)
Tipo de ítem principal el descrito en 300a Libro
Tema principal Administración
Edición 1
Parte restante de la signatura top. A473f
Sistema de clasificación DEWEY
Clasificación 658.834019
Existencias
Fecha de último préstamo Total préstamos Total Renewals Signatura topográfica Código de barras Última vez visto Ejemplar Price effective from Tipo de ítem Perdido Sistema de clasificación Dañado No prestable Tipo de ítem específico Suprimido Ubicación habitual Ubicación actual Localización Fecha de creación Forma de adquisición Costo
31/07/2025 11 12 658.834019 A473f 100131425 29/01/2026 Ej.1 03/02/2013 Libro   DEWEY     Libro   Sede del emprendimiento y la innovación Sede del Emprendimiento, Innovación y Creación 1er piso 28/02/2013 Compra 45000.00
01/08/2022 11 9 658.834019 A473f 100131426 11/12/2025 Ej.2 03/02/2013 Libro   DEWEY     Libro   Sede del emprendimiento y la innovación Sede del Emprendimiento, Innovación y Creación 1er piso 28/02/2013 Compra 45000.00